000 00601nam a2200205 a 4500
001 BRCA_7797
005 20190320210011.0
008 011013s1958----sz-a###f##---#000-0#ger-#
041 _ager
044 _asz
050 4 _aNB450
_b.B73 1958
100 1 _aBraunfels, Wolfgang
_919312
245 1 0 _aMeisterwerke europäischer plastik
_bvon der antike bis zur gegenwart
_cWolfgang Braunfels.
260 _aZúrich
_bAtlantis
_cc1958
300 _a247 p.
_bil. (algunas a color), 177 láminas
_c31 cm.
500 _aX55
650 1 4 _aEscultura
_vHistoria
_zEuropa
_919313
902 _aGFM
942 _2lcc
_cB
999 _c7471
_d7471